[Event "4th Chessfestival Gredine 2018"]
[Site "Ortisei"]
[Date "2018.06.19"]
[Round "4.3"]
[White "Tarlev, Konstantin"]
[Black "Sonis, Francesco"]
[Result "1/2-1/2"]
[WhiteElo "2552"]
[BlackElo "2448"]
[Annotator "TA"]
[PlyCount "47"]
[EventDate "2018.06.16"]
[EventType "swiss"]
[EventCountry "ITA"]
[SourceTitle "playchess.com"]
[Source "ChessBase"]
[SourceQuality "1"]

{[%evp 9,47,0,0,0,0,0,0,0,0,-2,-8,-4,22,12,12,12,11,17,20,20,8,7,13,0,8,0,12,12,20,0,15,0,18,22,20,22,22,18,17,0]} 1. c4 c6 2. Nf3 d5 3. e3 Bg4 4. Qb3 Qc7 5. cxd5 (5. Ne5 Be6 6. d4 Nd7 7. Nxd7 Qxd7 8. cxd5 Bxd5 9. Qa4 f5 10. Nc3 Nf6 11. Nxd5 Nxd5 {½-½ (42) Navara,D (2726)-Vocaturo,D (2607) Heraklio 2017}) 5... cxd5 {Die Stellung ist ausgeglichen.} 6. Bb5+ {A11: Reti-Eröffnung} Nd7 7. Nc3 Bxf3 $1 8. gxf3 e6 9. d4 a6 10. Bd3 Qb6 $146 ({Vorgänger:} 10... Ngf6 11. Bd2 Bd6 {1-0 (22) Zilka,S (2437)-Vavra,P (2268) Pardubice 2007}) 11. Qxb6 Nxb6 12. Ke2 Ne7 13. b3 Nc6 14. a3 Bd6 15. Bd2 O-O 16. h3 Rfc8 17. Rhc1 Bf8 18. f4 g6 19. Kd1 Ne7 20. Ne2 Rxc1+ 21. Nxc1 Rc8 22. Be2 Nf5 23. Nd3 Nd7 24. Rc1 {Precision: Weiß = 57%, Schwarz = 61%.} 1/2-1/2

[Event "4th Chessfestival Gredine 2018"]
[Site "Ortisei"]
[Date "2018.06.19"]
[Round "4.4"]
[White "Tan, Justin"]
[Black "Moroni, Luca Jr"]
[Result "0-1"]
[WhiteElo "2484"]
[BlackElo "2549"]
[Annotator "TA"]
[PlyCount "90"]
[EventDate "2018.06.16"]
[EventType "swiss"]
[EventCountry "ITA"]
[SourceTitle "playchess.com"]
[Source "ChessBase"]
[SourceQuality "1"]

{[%evp 16,90,16,-1,34,17,39,51,58,53,55,53,59,0,0,0,11,-12,-15,-20,-18,-39,-5,-13,-27,-21,0,0,0,0,0,0,0,0,0,9,31,10,43,0,0,0,0,-10,0,-43,-45,-94,-93,-79,-81,-177,-185,-170,-62,-161,-136,-153,-79,-89,-90,-91,-100,-213,-201,-309,-297,-337,-154,-352,-286,-277,-170,-309,-323,-735,-703]} 1. e4 c5 2. c3 d6 3. d4 Nf6 4. Bd3 g6 5. h3 Bg7 6. Nf3 O-O 7. O-O Nc6 8. dxc5 {B07: Pirc Defence: Miscellaneous Systems} (8. Re1 e5 9. dxc5 d5 10. Nbd2 a5 11. a4 Re8 12. Qc2 h6 13. exd5 Qxd5 14. Bc4 Qxc5 15. Qxg6 Be6 16. Bxe6 Rxe6 {1-0 (37) Zhigalko,S (2641)-Naiditsch,A (2705) Riadh 2017}) 8... dxc5 9. Bf4 {LiveBook: 4 Games} h6 $146 ({Predecessor:} 9... c4 10. Bc2 b5 11. a4 b4 12. Qe2 Ba6 13. Nbd2 Nd7 14. Nxc4 bxc3 15. bxc3 Na5 {½-½ (59) Vysochin,S (2555)-Kotsur,P (2570) Internet 2006}) 10. Qc2 {White is slightly better.} Be6 11. Nbd2 Qd7 12. Rad1 Rad8 13. Nb3 b6 14. Qc1 (14. Ba6 $14 Qe8 15. Qe2) 14... Qc8 $11 {Strongly threatening ...c4.} 15. Bb1 ({Reject} 15. Bxh6 c4 $17) 15... Kh7 16. Rxd8 Rxd8 17. Re1 Nd7 {[%cal Bf6d7,Bd7f8,Bf8e6][%mdl 32]} 18. e5 Nf8 19. Nbd2 Bf5 20. Ne4 Ne6 21. Bh2 c4 22. Qe3 Kg8 23. g4 Bxe4 $1 24. Qxe4 b5 25. Qe3 Qc7 26. h4 Qb6 27. Qe2 Nb8 {[%cal Bc6b8,Bb8a6,Ba6c7,Bc7d5][%mdl 32]} 28. h5 g5 29. Bg3 Na6 30. b4 Nac7 31. Bf5 Nd5 32. Qc2 Nef4 33. Rd1 (33. Kf1 $17 {was called for.}) 33... e6 $1 $19 {[%cal Re6f5]} 34. Bh7+ Kf8 (34... Kh8 $1 $19 35. Re1 a5 36. Bxf4 gxf4) 35. Kh2 (35. Kf1 $1 $15) 35... Qc7 $1 36. Re1 a5 (36... a6 $142 37. a3 Nd3 $1 {[%mdl 512]} 38. Bxd3 cxd3 39. Qxd3 Nxb4 $1 {[%mdl 512]}) 37. a3 $17 axb4 38. axb4 Ra8 39. Be4 {[#]} (39. Qd2 $17) 39... Ra3 $1 $19 40. Qd2 (40. Bxd5 {was necessary.} Nxd5 41. Nd2) 40... Nxc3 41. Qc1 Rb3 (41... Qa7 $19 {is more deadly.} 42. Re3 Nfe2) 42. Bc2 $2 (42. Qa1 $17 {was forced.}) 42... Na2 ({Not} 42... Rxb4 43. Qa3 $11) 43. Qa1 Ra3 44. Qb2 (44. Bxf4 $142 gxf4 45. Kg2) 44... Qa7 45. Ra1 $2 (45. Be4 Nc3 46. Bxf4 gxf4 47. Qd2) 45... Rxf3 {Precision: White = 32%, Black = 55%.} 0-1

[Event "4th Chessfestival Gredine 2018"]
[Site "Ortisei"]
[Date "2018.06.19"]
[Round "4.5"]
[White "Praggnanandhaa R"]
[Black "Herzog, Adolf"]
[Result "1-0"]
[WhiteElo "2529"]
[BlackElo "2344"]
[Annotator "TA"]
[PlyCount "105"]
[EventDate "2018.06.16"]
[EventType "swiss"]
[EventCountry "ITA"]
[SourceTitle "playchess.com"]
[Source "ChessBase"]
[SourceQuality "1"]

{[%evp 25,105,40,34,20,28,25,29,25,41,22,43,33,29,39,36,34,41,45,39,33,36,23,38,38,89,82,86,41,53,45,46,33,23,27,40,37,69,0,0,0,25,0,0,0,0,0,0,0,0,0,0,0,0,0,0,0,20,0,118,122,109,112,103,66,243,223,151,45,45,51,60,61,5418,6358,5250,5142,5065,1352,29981,29980,12846,5106]} 1. e4 e6 2. d4 d5 3. Nd2 c5 4. exd5 exd5 5. Ngf3 Nc6 6. Bb5 Bd6 7. dxc5 Bxc5 8. O-O Nge7 9. Nb3 Bd6 10. Re1 O-O 11. Bd3 h6 12. h3 Bf5 {C09: French Tarrasch: 3...c5 4 exd5 exd5 5 Ngf3 Nc6} 13. Bxf5 Nxf5 {LiveBook: 4 Games} 14. c3 Qd7 {The position is equal.} 15. Qd3 {[#]} Rad8 $146 ({Predecessor:} 15... Rfe8 16. Bd2 Rad8 17. Rxe8+ Rxe8 18. Re1 Rxe1+ 19. Bxe1 a6 20. Bd2 {0-1 (63) Becerra Rivero,J (2534)-Rychagov,A (2551) Dos Hermanas 2003}) 16. Bd2 Nfe7 17. Rad1 Qc8 18. Be3 Rfe8 19. Bc5 Bb8 20. Bxe7 Rxe7 21. Rxe7 Nxe7 22. Nbd4 a6 23. Re1 Ng6 24. Nf5 Qd7 ({Black should try} 24... Nf4 $14 25. Qb1 Bd6) 25. g3 $16 Ba7 26. Kg2 Bc5 $1 27. h4 Ne7 28. Nxe7+ Bxe7 29. Nd4 Bf6 30. Nf5 d4 31. cxd4 (31. Nxd4 $14 Qa4 32. Qf3) 31... Qd5+ $11 32. Qf3 Kf8 33. b3 Qxf3+ 34. Kxf3 {[%mdl 4096] Endgame KRB-KRN} h5 35. Rc1 g6 36. Ne3 Bxd4 37. Rc7 b5 38. Nc2 Be5 39. Rc5 f6 40. Rc6 Rd6 41. Nb4 Ke7 (41... Rxc6 $11 42. Nxc6 Bd6) 42. Rxa6 $16 Rxa6 43. Nxa6 {KB-KN} Bd6 44. Ke4 {Threatens to win with Kd5.} Ke6 $2 {[#]} (44... f5+ $1 $14 45. Kd5 f4) 45. Kd4 $1 $18 g5 46. a4 (46. Nc5+ $16 Kf5 47. a4 bxa4 48. bxa4) 46... bxa4 47. bxa4 {[%cal Bb3a4,Ba4a5][%mdl 32] aiming for Nc5+.} gxh4 48. gxh4 {Black must now prevent Nc5+.} Kf5 $2 {[%mdl 8192]} (48... Be7 $14) 49. a5 Kg4 50. Kd5 Bh2 51. Nb4 Bg1 52. Nd3 Bh2 {[#]} 53. Kc6 {Precision: White = 56%, Black = 52%.} (53. f4 $142 $1 {[%mdl 512]} Bg1 (53... Bxf4 54. Nxf4) 54. Nc5) 1-0

[Event "4th Chessfestival Gredine 2018"]
[Site "Ortisei"]
[Date "2018.06.19"]
[Round "4.6"]
[White "Solomon, Kenny"]
[Black "Kveinys, Aloyzas"]
[Result "0-1"]
[WhiteElo "2419"]
[BlackElo "2519"]
[Annotator "TA"]
[PlyCount "159"]
[EventDate "2018.06.16"]
[EventType "swiss"]
[EventCountry "ITA"]
[SourceTitle "playchess.com"]
[Source "ChessBase"]
[SourceQuality "1"]

{[%evp 23,159,18,27,-16,-14,-34,7,8,12,8,42,42,41,33,66,49,61,58,65,66,43,24,24,24,24,24,22,13,20,0,27,0,0,0,22,0,0,0,0,0,0,0,0,0,0,0,0,0,0,-97,-97,-97,-97,-97,-97,-97,-97,-97,-97,-97,-97,-97,-97,-97,-97,-97,-97,-97,-97,-97,-78,-78,-16,-78,0,-78,-20,-78,-18,-78,-78,-78,-18,-18,-18,-18,-18,-18,-18,-18,-16,-18,-16,-18,-16,-18,-18,-18,-18,-78,-78,-78,-78,-78,-78,-78,-78,-78,-78,-97,-97,-97,-97,-97,-97,-97,-18,-97,-97,-97,-18,-97,-97,-97,-16,-16,-16,-16,-16,-356,-348,-348,-348,-348,-348,-29971,-29972,-29971]} 1. e4 c5 2. Nf3 Nc6 3. Bb5 g6 4. Bxc6 bxc6 5. O-O Bg7 6. Re1 Nh6 7. c3 O-O 8. d4 cxd4 9. cxd4 d6 10. h3 f6 11. d5 c5 12. Nc3 Nf7 {LiveBook: 3 Games} 13. Ne2 {B31: Sicilian: 2...Nc6 3 Bb5 g6} (13. Qc2 Rb8 14. Nd2 f5 15. f4 e5 16. dxe6 Bxe6 17. Nf3 Re8 18. e5 dxe5 19. fxe5 g5 20. h4 h6 21. hxg5 hxg5 {0-1 (39) Paszewski,M (2321)-Kveinys,A (2548) Suwalki 2017}) 13... Rb8 $146 ({Predecessor:} 13... Bd7 14. Nf4 Qc8 15. Bd2 Rb8 16. Bc3 Bh6 17. Ne2 Ne5 18. Nxe5 fxe5 19. Bd2 Bxd2 20. Qxd2 Rb4 {1-0 (60) Gola,K (2185)-Zawadzki,S (2432) Poronin 2012}) 14. Nf4 Ne5 15. Nxe5 $1 {The position is equal.} dxe5 16. Ne2 e6 17. Nc3 exd5 18. Nxd5 Be6 19. Be3 Bxd5 20. exd5 Qd6 21. Rc1 Rfd8 22. Bxc5 Qxd5 23. Qxd5+ Rxd5 24. Bxa7 Rxb2 25. Rc8+ Bf8 26. Rec1 Rbd2 27. Be3 Rd1+ $1 28. Rxd1 Rxd1+ $11 {[%mdl 4096] Endgame KRB-KRB} 29. Kh2 {Hoping for Bh6.} Kf7 30. Rc7+ Ke6 31. Rxh7 f5 32. g3 Bd6 33. Rh4 f4 34. gxf4 exf4 35. Bxf4 Rd4 36. Bxd6 (36. Kg3 $1 $11) 36... Rxh4 {KR-KB} 37. Bc5 Rc4 38. Be3 Ra4 39. Kg3 Kf5 40. Kf3 Rxa2 41. Bc5 Ra1 42. Bd4 Rh1 43. Kg2 Rd1 44. Be3 Ke4 45. Kg3 Rb1 46. Kg2 Kd3 47. Kf3 Rg1 (47... Kc4 $1 $17 48. Bf4 Rb5) 48. Bf4 (48. Kf4 $11) 48... Rb1 49. Be3 Rb5 (49... Kc4 $1 $17 50. Kf4 Rb5) 50. Kg3 (50. h4 $11) 50... Ke2 (50... Rf5 $17 51. Kg4 Ke2) 51. Kg2 {[#]} (51. h4 $11) 51... Rf5 $1 $17 52. Kg3 {[#]} Kf1 ({Black should try} 52... Kd3 $1 $17 53. Kg4 Ke2) 53. Kg4 Kg2 54. Ba7 Rb5 55. Be3 Rh5 56. h4 Rb5 57. Ba7 Rf5 58. Be3 Kf1 59. Ba7 Ke2 60. Be3 Kd3 61. Ba7 (61. Bf4 $11 {remains equal.}) 61... Ke4 62. Be3 Kd5 63. Ba7 Ke6 64. Bd4 Rb5 {Strongly threatening ...Rb4.} 65. Be3 Rb4+ 66. Kg3 Kf5 67. f3 Ke6 68. Bf4 Kd5 69. Be3 Kc4 (69... Ra4 $17 70. Bh6 Ke5 71. Bg7+ Ke6) 70. Bd2 (70. Bh6 $11) 70... Ra4 71. Bg5 Kd3 (71... Kd5 $17 {White must now prevent ...Ke5.} 72. Bc1 Rc4) 72. Kf2 (72. f4 $11 {keeps the balance.}) 72... Ra2+ 73. Kg3 Ke2 (73... Kd4 $17 {...Ke5 is the strong threat.} 74. Kg4 Rg2+ 75. Kf4 Kd5) 74. Kg4 $11 Ra4+ 75. f4 Ra1 {And now ...Rg1+ would win.} 76. h5 $2 {[%mdl 8192]} (76. f5 $1 $11 {and White has nothing to worry.} Rg1+ 77. Kf4 Rf1+ 78. Kg4 gxf5+ 79. Kh5) 76... Rg1+ $19 77. Kh3 Kf3 {[%cal Rg1h1]} ({Not} 77... gxh5 78. Kh4 $11) 78. Kh2 Rg2+ 79. Kh1 $2 (79. Kh3 $19 Rg3+ 80. Kh2 gxh5 81. Be7) 79... gxh5 80. Be7 {Precision: White = 53%, Black = 58%.} 0-1

[Event "4th Chessfestival Gredine 2018"]
[Site "Ortisei"]
[Date "2018.06.19"]
[Round "4.7"]
[White "Pruijssers, Roeland"]
[Black "Hecht, Hans-Joachim"]
[Result "1-0"]
[WhiteElo "2514"]
[BlackElo "2327"]
[Annotator "TA"]
[PlyCount "89"]
[EventDate "2018.06.16"]
[EventType "swiss"]
[EventCountry "ITA"]
[SourceTitle "playchess.com"]
[Source "ChessBase"]
[SourceQuality "1"]

{[%evp 17,89,0,0,0,28,4,12,-35,-48,-71,-62,-77,-59,-76,0,-40,-6,-28,-2,-16,-14,-16,-18,-50,-21,-35,0,0,32,32,32,3,32,32,32,32,46,35,30,8,8,0,28,17,56,47,96,0,0,0,51,64,64,69,74,74,458,504,610,591,523,0,681,682,651,641,818,694,616,517,6303,5406,29994,29995]} 1. e4 d6 2. d4 g6 3. Nc3 Bg7 4. Be3 a6 5. Qd2 Nd7 6. h4 {B06: Modern Defence} Ngf6 7. f3 b5 8. g4 h6 9. a4 b4 {LiveBook: 3 Games} 10. Nd1 $146 ({Predecessor:} 10. Na2 a5 11. c3 bxc3 12. Nxc3 Nb6 13. Nh3 c6 {1-0 (39) Kokarev,D (2608)-Shomoev,A (2578) Vladivostok 2015}) 10... Rb8 11. Nf2 c5 12. dxc5 Nxc5 13. Ne2 Nfd7 14. Nd4 Qc7 15. Nd3 b3 (15... Nxd3+ $17 16. Bxd3 h5) 16. c3 Nxd3+ (16... Ne5 {seems wilder.} 17. Nb4 h5 18. g5 Bb7 19. Be2 O-O) 17. Bxd3 Nc5 18. h5 g5 19. Be2 e6 20. Ra3 Bd7 21. a5 Ke7 22. Kf2 Rb7 23. Rd1 Be5 24. Kg1 Rd8 25. Qe1 Be8 26. Qf1 Rc8 27. Qf2 (27. Bxa6 Nxa6 28. Qxa6 Bxd4 $17) 27... Bd7 28. Bf1 Rbb8 29. Raa1 Be8 30. Rd2 Rd8 31. Bg2 Bb5 32. Rad1 (32. f4 $1 $16 {[%cal Rf4e5]} gxf4 33. Bxf4) 32... Rg8 $11 (32... Qxa5 $6 33. f4 $16) 33. Kh1 Qxa5 ({Black should try} 33... Bc4 $11) 34. f4 $1 $14 {[%cal Rf4e5]} gxf4 35. Bxf4 Qc7 $1 36. Nxb5 ({Don't blunder} 36. Bxh6 $2 Rxg4 37. Nxb5 axb5 $19) 36... Rxb5 $4 {[%mdl 8192]} (36... axb5 $16 {is more resistant.} 37. Bxe5 dxe5) 37. Rxd6 $1 $18 (37. Bxe5 dxe5 38. Qe3 Rg5 $14) 37... f6 38. Bxe5 fxe5 {[#]} 39. R6d2 $2 $40 {[%mdl 128] Black needs to defend precisely.} ({And not} 39. c4 Rbb8 $11) ({White has to play} 39. Qd2 $1 $18) 39... Rxg4 $2 {[%mdl 8192]} (39... Rbb8 $11) 40. Rf1 {[%csl Gf1][%cal Rf2f8]} Rf4 41. Qg3 {White threatens Qg7+ and mate.} Nd7 42. Qg7+ Ke8 43. Rfd1 {[%cal Rd2d7]} Rh4+ {[#]} (43... Rf7 $142 44. Qg6 Nf8 45. Rd8+ Ke7 46. Qxh6 Nh7) 44. Bh3 $1 {[%mdl 512]} Qc6 (44... Rxh3+ 45. Kg2) 45. Qg8+ {Precision: White = 37%, Black = 32%.} 1-0

[Event "4th Chessfestival Gredine 2018"]
[Site "Ortisei"]
[Date "2018.06.19"]
[Round "4.8"]
[White "Vocaturo, Daniele"]
[Black "Thiel, Thomas"]
[Result "1-0"]
[WhiteElo "2608"]
[BlackElo "2261"]
[Annotator "TA"]
[PlyCount "71"]
[EventDate "2018.06.16"]
[EventType "swiss"]
[EventCountry "ITA"]
[SourceTitle "playchess.com"]
[Source "ChessBase"]
[SourceQuality "1"]

{[%evp 22,71,13,2,29,32,40,36,37,35,25,27,42,39,39,39,42,42,45,44,41,28,50,47,45,43,50,33,71,31,45,16,16,13,23,17,62,66,105,110,109,111,110,111,109,97,610,609,613,600,603,597]} 1. d4 d5 2. c4 c6 3. Nf3 Nf6 4. Qc2 dxc4 5. Qxc4 Bf5 6. g3 e6 7. Bg2 Be7 8. O-O {D23: Queen's Gambit Accepted: 3 Nf3 Nf6 sidelines} O-O 9. e3 Nbd7 10. Qe2 Qa5 11. Nc3 Ne4 12. Bd2 {[#] LiveBook: 16 Games. Hoping for Nxe4.} Bb4 {[%cal Re4c3]} (12... Nxd2 13. Nxd2 Rfd8 14. Rfd1 Rac8 15. e4 Bg6 {½-½ (25) Bu,X (2725)-Shankland,S (2671) Liaocheng 2018}) 13. Rfc1 {[#]} Bxc3 $146 ({Predecessor:} 13... Rfe8 14. a3 Nxd2 15. Nxd2 Bxc3 16. bxc3 e5 17. a4 Rad8 18. Nc4 Qc7 19. Qb2 {½-½ (65) Dao,T (2543)-Bui,V (2509) Hanoi 2009}) 14. bxc3 Bg4 {With the idea ...Qh5.} 15. h3 Bxf3 16. Bxf3 Nxd2 17. Qxd2 e5 18. Qb2 Rab8 19. Rab1 Rfe8 20. Qb3 Qc7 21. Qa3 a5 22. Qb3 g6 23. c4 exd4 24. exd4 c5 25. dxc5 Re5 26. Rd1 {[%cal Bc1d1,Bd1d4,Bd4f4][%mdl 32]} Rxc5 27. Rd4 b6 28. Rf4 Qe5 29. Qd3 Nf6 {[#]} 30. Rxb6 $1 {[%mdl 512]} Rxb6 31. Qd8+ Kg7 32. Qxb6 Nd7 33. Qd8 Qc7 $2 {[%mdl 8192]} (33... Nf6 $16 34. h4 Qe6) 34. Qe7 $18 {White is clearly winning.} Ne5 35. Qf6+ Kg8 36. Bd5 {Precision: White = 64%, Black = 40%.} 1-0

[Event "4th Chessfestival Gredine 2018"]
[Site "Ortisei"]
[Date "2018.06.19"]
[Round "4.9"]
[White "Jaracz, Pawel"]
[Black "Movileanu, Daniela"]
[Result "1-0"]
[WhiteElo "2467"]
[BlackElo "2199"]
[Annotator "TA"]
[PlyCount "123"]
[EventDate "2018.06.16"]
[EventType "swiss"]
[EventCountry "ITA"]
[SourceTitle "playchess.com"]
[Source "ChessBase"]
[SourceQuality "1"]

{[%evp 25,123,30,41,21,25,28,95,108,104,110,210,203,205,205,185,205,206,200,207,201,197,198,211,225,264,259,267,255,268,267,277,277,268,251,266,276,274,274,274,276,314,300,367,367,368,349,413,406,393,343,387,344,392,392,427,416,386,377,379,364,466,462,484,447,547,557,593,585,574,572,561,567,555,467,655,542,606,510,541,541,534,530,625,637,573,511,475,446,441,434,492,487,494,485,815,695,4949,4949,4929,1687]} 1. d4 Nf6 2. c4 g6 3. g3 Bg7 4. Bg2 d5 5. cxd5 Nxd5 6. Nf3 O-O 7. O-O Nb6 8. Nc3 Nc6 {[%cal Bb8c6,Bc6a5,Ba5c4,Bc4b2,Bb2d3][%mdl 32]} 9. d5 Na5 10. e4 c6 11. Bf4 cxd5 {D76: Fianchetto Grünfeld: Main Line with 7...Nb6} (11... Nac4 12. b3 Bxc3 13. bxc4 Bxa1 14. Qxa1 Nxc4 15. Bh6 f6 16. Bxf8 Qxf8 17. dxc6 bxc6 18. Rc1 Be6 19. Bf1 {½-½ (42) Giri,A (2762)-Navara,D (2726) Heraklio 2017}) 12. Nxd5 Nxd5 13. exd5 Nc4 {LiveBook: 28 Games. White has an edge.} 14. Rc1 Nxb2 $146 ({Predecessor:} 14... Nb6 15. d6 exd6 16. b3 Bg4 17. h3 Be6 18. Bxd6 Re8 19. Re1 {0-1 (104) Tregubov,P (2611)-Dourerassou,J (2464) Haguenau 2013}) 15. Qd2 Bf5 (15... b5 $1 $11 {keeps the balance.}) 16. Bc7 $16 Qd7 17. Be5 $1 {[%cal Re5g7] Bxg7 is the strong threat.} Bxe5 (17... Nd3 $16 {was worth a try.} 18. Bxg7 Kxg7) 18. Nxe5 $18 Qb5 {[#]} 19. g4 $1 {[%cal Rg4f5]} Nd3 {[#]} 20. Qe2 $1 Qa6 21. gxf5 Nxc1 22. Qxa6 bxa6 23. Rxc1 Rac8 24. Nc6 Rc7 25. Re1 Kg7 26. Nxe7 Rd8 27. fxg6 hxg6 28. Nc6 Rd6 29. Rb1 Rdd7 30. Bf3 Rb7 31. Rd1 Rd6 32. Rd3 Kf8 33. Kg2 Rf6 34. Ra3 Rb6 35. Ra4 Ke8 36. Re4+ Kf8 37. Rd4 Rb7 38. Ra4 Rb6 39. h4 Ke8 40. Re4+ Kf8 41. Rd4 Rd6 {Threatens to win with ...Rbxc6.} 42. Ra4 Ke8 43. Nxa7 {White is clearly winning.} Rf6 44. Nc6 Kf8 45. Ne5 Ke8 46. Ng4 Rfd6 47. Ne3 Rd8 48. Nc4 Rf6 49. Ne5 Rb8 (49... Kf8 $142 50. Kg3 Kg7) 50. Kg3 Rb2 51. Nc6 Rb6 52. Re4+ Kf8 53. Ne5 Rb7 54. Rc4 Re7 55. Ng4 Rd6 56. Rc8+ Re8 57. Rc7 Kg7 58. Rc6 Red8 59. Kf4 Kf8 (59... R6d7 $142 60. Rxa6 Rb7) 60. Ke5 Ke7 61. Nf6 a5 {[#]} 62. Ng8+ $1 {[%mdl 512] Precision: White = 94%, Black = 37%.} 1-0

[Event "4th Chessfestival Gredine 2018"]
[Site "Ortisei"]
[Date "2018.06.19"]
[Round "4.10"]
[White "Bertagnolli, Alexander"]
[Black "Landi, Alberto"]
[Result "1/2-1/2"]
[WhiteElo "2398"]
[BlackElo "2198"]
[Annotator "NA"]
[PlyCount "160"]
[EventDate "2018.06.16"]
[EventType "swiss"]
[EventCountry "ITA"]
[SourceTitle "playchess.com"]
[Source "ChessBase"]
[SourceQuality "1"]
[TimeControl "40/5400+30:1800+30"]

1. d4 {[%emt 0:00:30]} d5 {[%emt 0:01:00]} 2. c4 {[%emt 0:00:00]} e6 {[%emt 0:00:00]} 3. Nc3 {[%emt 0:00:00]} c6 {[%emt 0:00:00]} 4. cxd5 {[%emt 0:00:30]} exd5 {[%emt 0:00:00] LiveBook: 1312 Games} 5. Qc2 {[%emt 0:00:00]} Bd6 {[%emt 0:01:00]} 6. Nf3 {[%emt 0:00:00]} Ne7 {[%emt 0:01:30]} 7. Bg5 {[%emt 0:00:30]} f6 {[%emt 0:03:30]} 8. Bh4 {[%emt 0:00:30]} Bf5 {[%emt 0:01:30]} 9. Qd2 {[%emt 0:00:30]} Nd7 {[%emt 0:11:30] D31: Queen's Gambit Declined: Semi-Slav without ...Nf6 (+ Marshall Gambit and Noteboom) and Exchange Variation lines without ...Nf6} (9... g5 10. Bg3 Ng6 11. Bxd6 Qxd6 12. e3 Be4 {0-1 (12) Barcenilla,R (2446)-Azarov,S (2556) Saint Louis 2017}) 10. Bg3 {[%emt 0:05:30]} Nb6 {[%emt 0:04:30]} 11. e3 {[%emt 0:01:30]} Qd7 {[%emt 0:07:30]} 12. Bxd6 $146 {[%emt 0:03:30]} ({Predecessor:} 12. Be2 g6 13. Bxd6 Qxd6 14. O-O O-O {½-½ (14) Valdes Escobar,A (2381)-O'Donnell,C (2333) Dublin 2018}) 12... Qxd6 {[%emt 0:00:00]} 13. b3 {[%emt 0:00:30]} O-O {[%emt 0:10:00]} 14. Bd3 {[%emt 0:05:30]} Bxd3 {[%emt 0:08:30]} 15. Qxd3 {[%emt 0:00:30]} Qe6 {[%emt 0:00:30]} 16. a4 {[%emt 0:05:30]} a5 {[%emt 0:04:30]} 17. Ne2 $11 {[%emt 0:05:30]} Nf5 {[%emt 0:07:30]} 18. Nf4 {[%emt 0:02:30]} Qd7 {[%emt 0:01:30]} 19. Qc2 {[%emt 0:04:30]} Nd6 {[%emt 0:00:30]} 20. Nd3 {[%emt 0:00:30]} Ne4 {[%emt 0:03:30]} 21. O-O {[%emt 0:02:30]} Qe7 {[%emt 0:02:30]} 22. Rab1 {[%emt 0:02:30]} Rfe8 {[%emt 0:05:30]} 23. Rfc1 {[%emt 0:03:30]} Nc8 {[%emt 0:04:30]} 24. Nd2 {[%emt 0:25:30]} Ncd6 {[%emt 0:01:30]} 25. Nxe4 {[%emt 0:00:00]} Nxe4 {[%emt 0:02:05]} 26. b4 {[%emt 0:06:00]} axb4 {[%emt 0:03:47]} 27. Rxb4 {[%emt 0:00:30]} Nd6 {[%emt 0:03:47]} 28. Rcb1 {[%emt 0:04:30]} Rec8 {[%emt 0:02:12]} 29. Nc5 {[%emt 0:01:30]} Rc7 {[%emt 0:00:56]} 30. Qb3 {[%emt 0:01:21]} Ra7 {[%emt 0:00:21]} 31. Kf1 {[%emt 0:06:51]} Nc4 {[%emt 0:00:51]} 32. Rxc4 {[%emt 0:00:46]} dxc4 {[%emt 0:03:27]} 33. Qxc4+ {[%emt 0:00:30]} Qf7 {[%emt 0:00:33]} 34. Qb4 {[%emt 0:00:30]} Re7 {[%emt 0:03:33]} 35. Qb6 {[%emt 0:04:15]} Ra8 {[%emt 0:00:03]} 36. a5 {[%emt 0:00:27]} Rf8 {[%emt 0:03:48]} 37. Nxb7 {[%emt 0:00:23]} f5 {[%emt 0:00:23]} 38. Qb3 {[%emt 0:01:16]} f4 {[%emt 0:00:39]} 39. Qxf7+ {[%emt 0:00:46]} Rfxf7 {[%emt 0:00:01]} 40. Nd6 {[%emt 0:02:32]} Rf6 {[%emt 0:31:01]} 41. Rb8+ {[%emt 0:32:40]} Rf8 {[%emt 0:00:11]} 42. Rxf8+ {[%emt 0:00:37]} Kxf8 {[%emt 0:00:02]} 43. Ke2 {[%emt 0:00:00]} fxe3 {[%emt 0:00:00]} 44. fxe3 {[%emt 0:00:00]} Ra7 {[%emt 0:00:00]} 45. Nc4 {[%emt 0:00:00]} Ke7 {[%emt 0:00:00]} 46. Kd3 {[%emt 0:00:00]} Ke6 {[%emt 0:00:00]} 47. e4 {[%emt 0:00:00]} Rb7 {[%emt 0:00:00]} 48. Kc3 {[%emt 0:00:00]} Rb1 {[%emt 0:00:00]} 49. Nd2 {[%emt 0:00:00]} Ra1 {[%emt 0:00:00]} 50. Nb3 {[%emt 0:00:00]} Ra2 {[%emt 0:00:00]} 51. Nc5+ {[%emt 0:00:00]} Kd6 {[%emt 0:00:00]} 52. e5+ {[%emt 0:00:00]} Kc7 {[%emt 0:00:00]} 53. g3 {[%emt 0:00:19]} Rxa5 {[%emt 0:00:00]} 54. Ne6+ {[%emt 0:00:14]} Kd7 {[%emt 0:00:33]} 55. Nxg7 {[%emt 0:00:02]} Ra2 {[%emt 0:01:36]} 56. h4 {[%emt 0:00:01]} Ra8 {[%emt 0:00:10]} 57. Kd3 {[%emt 0:00:58]} Rg8 {[%emt 0:00:43]} 58. Nh5 {[%emt 0:00:06]} Ke7 {[%emt 0:03:37]} 59. Kc4 {[%emt 0:00:23]} Rg4 {[%emt 0:01:53]} 60. Kc5 {[%emt 0:00:11]} h6 {[%emt 0:00:15]} 61. Nf6 {[%emt 0:01:46]} Rxg3 {[%emt 0:00:34]} 62. Kxc6 {[%emt 0:00:01]} Rc3+ {[%emt 0:01:13]} 63. Kd5 {[%emt 0:00:05]} Rh3 {[%emt 0:00:39]} 64. Ng8+ {[%emt 0:01:26]} Ke8 {[%emt 0:00:37]} 65. Nxh6 {[%emt 0:00:02]} Rxh4 {[%emt 0:00:05]} 66. Nf5 {[%emt 0:00:01]} Rf4 {[%emt 0:00:41]} 67. Ke6 {[%emt 0:00:02]} Rg4 {[%emt 0:00:26]} 68. Kf6 {[%emt 0:00:01]} Rg8 {[%emt 0:00:47]} 69. e6 {[%emt 0:00:29]} Rf8+ {[%emt 0:00:01]} 70. Ke5 {[%emt 0:00:09]} Rg8 {[%emt 0:00:44]} 71. d5 {[%emt 0:00:46]} Rg1 {[%emt 0:00:18]} 72. Kf6 {[%emt 0:01:09]} Rf1 {[%emt 0:00:36]} 73. d6 {[%emt 0:00:06]} Rf2 {[%emt 0:00:11]} 74. Kg6 {[%emt 0:00:05]} Rg2+ {[%emt 0:00:20]} 75. Kh7 {[%emt 0:00:47]} Re2 {[%emt 0:01:18]} 76. e7 {[%emt 0:01:11]} Kf7 {[%emt 0:00:26]} 77. Nh6+ {[%emt 0:00:30]} Ke8 {[%emt 0:00:13]} 78. Ng8 {[%emt 0:00:49]} Rh2+ {[%emt 0:00:42]} 79. Kg7 {[%emt 0:00:12]} Rg2+ {[%emt 0:00:05]} 80. Kh7 {[%emt 0:00:01]} Rh2+ {[%emt 0:00:06]} 1/2-1/2